Europäische Freizeitparks nach Achterbahn-Bewertung - Statistiken

Allgemein
  • Dieses Quiz wurde 54 mal gespielt
  • Das Durchschnittsergebnis liegt bei 10 aus 20
Antwortstatistiken
# durchschn.
Bewertung
Anzahl
Bahnen
Beste
Achterbahn
Land Park % Korrekt
1 78,3% 8 Taron DE Phantasialand
98%
7 68,3% 14 Voltron Nevera DE Europa-Park
95%
6 68,5% 8 Baron 1898 NL Efteling
80%
4 71,3% 3 Expedition GeForce DE Holiday Park
77%
14 64,8% 6 Hals-über-Kopf DE Erlebnispark Tripsdrill
73%
2 76,8% 10 Nemesis Reborn GB Alton Towers
66%
13 65,6% 6 Fēnix NL Toverland
66%
11 66,7% 6 Dynamite DE Freizeitpark Plohn
61%
3 72,5% 7 Helix SE Liseberg
59%
16 63,0% 8 Toutatis FR Parc Astérix
59%
8 68,1% 8 Hyperia GB Thorpe Park
48%
18 61,3% 3 Crush's Coaster FR Walt Disney Studios Park
41%
5 69,3% 4 Rutschebanen DK Tivoli Gardens
39%
15 63,4% 7 Batman Gotham City Escape ES Parque Warner Madrid
36%
19 60,6% 8 Piraten DK Djurs Sommerland
32%
10 67,2% 7 Monster SE Gröna Lund
23%
17 61,4% 3 Rattenmühle AT Familypark
14%
20 60,3% 6 Cú Chulainn IE Emerald Park
11%
12 66,6% 3 Inferno IT CineCittà World
7%
9 67,4% 4 Tornado FI Särkänniemi
7%
Keine übereinstimmenden Quizze gefunden
Verteilung der Resultate
Anzahl Personen mit jedem Resultat
Perzentil nach korrekt beantworteten Fragen
Ihre Resultats-Entwicklung
Sie haben dieses Quiz noch nicht gespielt